000 00336nam a2200097 a 4500
005 20201002044821.0
008 140320s1922 000 spa d
245 0 _aJuegos florales hispano-dominicanos : discurso leido por el mantenedor por...
260 _aEspaƱa -- Tip. El Progreso - Quirico y Sanabia,
_c1922 -- 15 p.
999 _c42988
_d42988
040 _aDO-SdBNP